PREMI COPA AMERICA - Statistics

Statistiche generali
  • Questo quiz è stato fatto 211 volte
  • Il punteggio medio è 10 su 31
Statistiche sulle risposte
ANNO PREMIO NAZIONE GIOCATORE % Corretto
2021 MIGLIOR GIOCATORE ARGENTINA MESSI
100%
2021 MIGLIOR MARCATORE ARGENTINA MESSI
100%
2021 MIGLIOR PORTIERE ARGENTINA MARTINEZ
83%
2011 MIGLIOR GIOCATORE URUGUAY SUAREZ
64%
2016 MIGLIOR GIOCATORE CILE SANCHEZ
61%
MIGLIOR MARCATORE BRASILE RONALDO
60%
1997 MIGLIOR GIOCATORE BRASILE RONALDO
60%
2019 MIGLIOR PORTIERE BRASILE ALISSON
58%
2016 MIGLIOR PORTIERE CILE BRAVO
40%
2015 MIGLIOR PORTIERE CILE BRAVO
40%
1999 MIGLIOR GIOCATORE BRASILE RIVALDO
37%
1999 MIGLIOR MARCATORE BRASILE RIVALDO
37%
1995 MIGLIOR MARCATORE ARGENTINA BATISTUTA
26%
1997 MIGLIOR MARCATORE MESSICO HERNANDEZ
24%
2016 MIGLIOR MARCATORE CILE VARGAS
24%
MIGLIOR MARCATORE CILE VARGAS
24%
2007 MIGLIOR GIOCATORE BRASILE ROBINHO
23%
2007 MIGLIOR MARCATORE BRASILE ROBINHO
23%
MIGLIOR MARCATORE COLOMBIA LUIS DIAZ
22%
2004 MIGLIOR GIOCATORE BRASILE ADRIANO
21%
2004 MIGLIOR MARCATORE BRASILE ADRIANO
21%
MIGLIOR MARCATORE PERU GUERRERO
14%
2015 MIGLIOR MARCATORE PERU GUERRERO
14%
2019 MIGLIOR GIOCATORE BRASILE DANI ALVES
13%
2019 MIGLIOR MARCATORE BRASILE EVERTON
4%
1995 MIGLIOR GIOCATORE URUGUAY FRANCESCOLI
3%
2001 MIGLIOR MARCATORE COLOMBIA ARISTIZABAL
2%
MIGLIOR MARCATORE MESSICO LUIS GARCIA
2%
2011 MIGLIOR PORTIERE PARAGUAY VILLAR
2%
2001 MIGLIOR GIOCATORE HONDURAS GUEVARA
1%
2011 MIGLIOR MARCATORE PERU GURRERO
0%
Nessun quiz corrispondente trovato
Distribuzione punteggi
Percentuale di utenti per punteggio
Percentile per numero di risposta
I tuoi punteggi nel tempo
Non hai fatto questo quiz